Представление документа в формате RUSMARC

ПолеНазваниеЗначение
  Тип записи a
  Библиографический уровень m
001 Контрольный номер 23f37e0d98e64c6ebd9a71a3056c2ceb
005 Дата корректировки 20140617154314.1
010 Индекс ISBN __
a ISBN 5-238-00635-7
200 Заглавие и сведения об ответственности 1_
a Заглавие Бренд
e Сведения, относящиеся к заглавию учеб. пособие для вузов
f Первые сведения об ответственности М. О. Макашев
210 Выходные данные 1_
a Место издания М.
c Издательство ЮНИТИ
d Дата издания 2004
215 Физическое описание __
a Объем 206 с.
225 Серия 2_
a Серия Профессиональный учебник
300 Общие примечания __
a Общие примечания гриф
610 Ключевые слова 0_
a Ключевые слова брэнд
610 Ключевые слова 0_
a Ключевые слова торговая марка
610 Ключевые слова 0_
a Ключевые слова франчайзинг
610 Ключевые слова 0_
a Ключевые слова маркетинг
610 Ключевые слова 0_
a Ключевые слова марочный контракт
610 Ключевые слова 0_
a Ключевые слова марочный капитал
610 Ключевые слова 0_
a Ключевые слова марочное ценообразование
610 Ключевые слова 0_
a Ключевые слова учебное пособие
686 Индексы других классификаций __
a Классификационный индекс 65.050.9(2)28я73
2 Код системы rubbk
686 Индексы других классификаций __
a Классификационный индекс 65.9(2)421-803.8я73
2 Код системы rubbk
700 Автор _1
a Фамилия Макашев
b Имя М. О.
g Полное личное имя Максим Олегович
801 Источник записи _0
a Страна RU
b Организация РУК
c Дата составления 20041014
g Правила каталогизации PSBO
801 Источник записи _1
a Страна RU
b Организация РУК
c Дата составления 20041014
g Правила каталогизации PSBO
852 Данные о местонахождении __
i Авторский знак М15
j Шифр хранения ББК 67
901 Тип документа __
t Тип документа m
938 Служебная информация __
a Название организации Головной вуз
b Имя БД BOOK
c Название АИБС АИБС ИРБИС